Vues de diverses parties de la côte Nord-Ouest d'Amérique (Record no. 196842)

MARC details
000 -LEADER
campo de control de longitud fija 02109nem a2200433 i 4500
001 - NÚMERO DE CONTROL
campo de control 196842
003 - IDENTIFICADOR DE NÚMERO DE CONTROL
campo de control SpMaBN
005 - FECHA Y HORA DE LA ÚLTIMA TRANSACCIÓN
campo de control 20250109063103.0
007 - CAMPO FIJO DE DESCRIPCIÓN FÍSICA--INFORMACIÓN GENERAL
campo de control de longitud fija aj aanzn
008 - DATOS DE LONGITUD FIJA--INFORMACIÓN GENERAL
campo de control de longitud fija 000424s1799 fr z e fre
016 7# - NÚMERO DE CONTROL DE UNA AGENCIA BIBLIOGRÁFICA NACIONAL
Número de control del registro bicaBNE20050043445
Número de control cancelado/no válido AMER89003733
Fuente SpMaBN
034 0# - DATOS MATEMÁTICOS CARTOGRÁFICOS CODIFICADOS
Tipo de escala a
035 ## - NÚMERO DE CONTROL DEL SISTEMA
Número de control de sistema (SpMaBN)bica0000044086
035 ## - NÚMERO DE CONTROL DEL SISTEMA
Número de control de sistema 991001544069708606
035 ## - NÚMERO DE CONTROL DEL SISTEMA
Número de control de sistema (OCoLC)431578707
040 ## - FUENTE DE CATALOGACIÓN
Centro catalogador/agencia de origen SpMaBN
Lengua de catalogación spa
Centro/agencia transcriptor SpMaBN
Normas de descripción rdc
080 ## - NÚMERO DE LA CLASIFICACIÓN DECIMAL UNIVERSAL
Número de la Clasificación Decimal Universal 912:551.468:742(73 O.)"1792/1794"
080 ## - NÚMERO DE LA CLASIFICACIÓN DECIMAL UNIVERSAL
Número de la Clasificación Decimal Universal (730)
245 10 - MENCIÓN DEL TÍTULO
Título Vues de diverses parties de la côte Nord-Ouest d'Amérique
Medio [Material cartográfico]
255 ## - DATOS MATEMÁTICOS CARTOGRÁFICOS
Mención de escala Escala indeterminada
260 ## - PUBLICACIÓN, DISTRIBUCIÓN, ETC.
Lugar de publicación, distribución, etc. [Paris] :
Nombre del editor, distribuidor, etc. Imprimerie de la République,
Fecha de publicación, distribución, etc. [1799]
300 ## - DESCRIPCIÓN FÍSICA
Extensión 7 perfiles en 1 h. ;
Dimensiones 65 x 92 cm.
336 ## - TIPO DE CONTENIDO
Fuente rdacontent
Término de tipo de contenido texto
337 ## - TIPO DE MEDIO
Fuente rdamedia
Nombre/término del tipo de medio sin mediación
338 ## - TIPO DE SOPORTE
Fuente rdacarrier
Nombre/término del tipo de soporte volumen
500 ## - NOTA GENERAL
Nota general Meridiano de origen: Greenwich
500 ## - NOTA GENERAL
Nota general Relieve representado mediante perfiles
500 ## - NOTA GENERAL
Nota general "Cap Mendocino": la Pointe Sud par 40²19' de Lat nord et 235² 53' de Long.Orient...­"Cap Oxford": par 42²52' de Lat. Nord: restant au SSEà 10 milles de distance...­"Cap Gregory": par 43²23' de Lat. Nord et 235²50' de Long. Orient...­"Pointe Grenville": par 47²22' de Lat. Nord et 235²58' de Long Orient...­" Entrée du Detroit de Juan de Fuca: la Pointe Sud ou Cap Flattery par 48²32' de Lat. N. et 235²38' de Long Orient...­" ...le Mont Olympe": par 47²50' de lat. Nord et 236²34' de Long. Orient...
599 ## - NOTA A LAS ILUSTRACIONES
NOTA A LAS ILUSTRACIONES Grabado por Michel.
611 20 - PUNTO DE ACCESO ADICIONAL DE MATERIA--NOMBRE DE REUNIÓN/CONGRESO
Nombre de congreso/reunión o jurisdicción como elemento de entrada Vancouver, Expedición de,
Fecha del congreso o de la firma del tratado 1791-1795
9 (RLIN) 239420
651 #0 - PUNTO DE ACCESO ADICIONAL DE MATERIA--NOMBRE GEOGRÁFICO
9 (RLIN) 239286
Nombre geográfico América del Norte
Subdivisión de forma Mapas
655 #0 - TERMINO DE INDIZACIÓN--GENERO/FORMA
9 (RLIN) 239293
Datos o término principal de género/forma Mapas topográficos-
Subdivisión cronológica S. XVIII
700 0# - ENTRADA AGREGADA--NOMBRE PERSONAL
9 (RLIN) 113045
Nombre de persona Vancouver, George,
Fechas asociadas al nombre 1757-1798
710 ## - ENTRADA AGREGADA--NOMBRE DE ENTIDAD CORPORATIVA
Nombre de entidad corporativa o nombre de jurisdicción como elemento de entrada Imprimerie de la République (Francia)
9 (RLIN) 239285
852 ## - LOCALIZACIÓN
Ubicación ES-MaACL
Ubicación en estantería Depósito 2
Signatura antigua Olim: B-6988
-- Olim: 155-A-2
Número de control de estantería GF-116(13)
Encuadernación Encuadernado con otros mapas formando un volumen facticio.
itemnumber 204494
942 ## - ELEMENTOS DE ENTRADA SECUNDARIOS (KOHA)
Fuente del sistema de clasificación o colocación Clasificación decimal universal
Tipo de ítem Koha Mapa
Suprimir en OPAC No
Holdings
Estatus retirado Estado de pérdida Fuente del sistema de clasificación o colocación Estado de daño No para préstamo Biblioteca de origen Biblioteca actual Ubicación en estantería Fecha de adquisición Total de préstamos Signatura topográfica completa Código de barras Visto por última vez Precio de reemplazo Tipo de ítem Koha
    Clasificación decimal universal     Biblioteca del Ateneo de Madrid Biblioteca del Ateneo de Madrid Depósito 2 07/01/2025   GF-116(13) 101229298 07/01/2025 07/01/2025 Mapa